[Event "Hamburg Junge op"]
[Site "Hamburg"]
[Date "2005.10.03"]
[Round "3"]
[White "Bahlmann, Michael"]
[Black "Oelert, Ralf"]
[Result "1/2-1/2"]
[WhiteElo "1821"]
[BlackElo "2134"]
[PlyCount "110"]
[EventDate "2005.10.01"]
[EventType "swiss"]
[EventRounds "9"]
[EventCountry "GER"]
[SourceTitle "CBM 108 Extra"]
[Source "ChessBase"]
[SourceDate "2005.11.04"]
[SourceVersion "1"]
[SourceVersionDate "2005.11.04"]
[SourceQuality "1"]

1. d4 f5 2. Nc3 Nf6 3. Bg5 e6 4. e4 fxe4 5. Nxe4 Be7 6. Bxf6 Bxf6 7. Nf3 b6 8. Bd3 Nc6 9. c3 Bb7 10. Qc2 Qe7 11. 0-0-0 0-0-0 12. Kb1 Rdf8 13. Rhe1 g5 14. Re2 h5 15. Nfd2 Kb8 16. f3 g4 17. Nxf6 Rxf6 18. Be4 Qf7 19. Re3 Ne7 20. Bxb7 Kxb7 21. Ne4 Rf5 22. fxg4 hxg4 23. c4 Rxh2 24. c5 Rf1 25. Ree1 Rhh1 26. Qe2 Rxe1 27. Rxe1 Rxe1+ 28. Qxe1 Qf4 29. Kc2 Nf5 30. Kd3 d6 31. cxd6 cxd6 32. Qf2 Qc1 33. Qe2 d5 34. Nc3 Qf4 35. Qxe6 Qxd4+ 36. Kc2 Ne3+ 37. Kc1 Qc5 38. Kd2 d4 39. Qd7+ Ka6 40. Qa4+ Qa5 41. Qxa5+ Kxa5 42. Ne2 Nxg2 43. Nxd4 b5 44. Nc6+ Kb6 45. Ne5 g3 46. Ng6 Kc5 47. Ke2 Kd4 48. Kf3 Ne1+ 49. Kxg3 Nd3 50. Ne7 Kc5 51. b3 a5 52. a3 Ne5 53. Kf4 Nc6 54. Nxc6 Kxc6 55. Ke4 Kc5 1/2-1/2